History Of The Frontier Areas Bordering On Assam From 1883-1941 (Record no. 4955)
[ view plain ]
| 000 -LEADER | |
|---|---|
| fixed length control field | 00537cam a2200181ua 4500 |
| 008 - FIXED-LENGTH DATA ELEMENTS--GENERAL INFORMATION | |
| fixed length control field | 131028n ii |||gr||||Z||||||eng |
| 020 ## - INTERNATIONAL STANDARD BOOK NUMBER | |
| International Standard Book Number | 978-93-82624-61-5 |
| 040 ## - CATALOGING SOURCE | |
| Transcribing agency | MAIN |
| 082 ## - DEWEY DECIMAL CLASSIFICATION NUMBER | |
| Classification number | 305.8 |
| 100 ## - MAIN ENTRY--PERSONAL NAME | |
| Personal name | Reid,Robert, |
| Relator term | |
| 245 ## - TITLE STATEMENT | |
| Title | History Of The Frontier Areas Bordering On Assam From 1883-1941 |
| Statement of responsibility, etc. | By Robert Reid |
| 260 ## - PUBLICATION, DISTRIBUTION, ETC. | |
| Place of publication, distribution, etc. | Guwahati: |
| Name of publisher, distributor, etc. | Bhabani Books, |
| Date of publication, distribution, etc. | 2013. |
| 300 ## - PHYSICAL DESCRIPTION | |
| Extent | 495p.: |
| Accompanying material | 954.16. |
| 942 ## - ADDED ENTRY ELEMENTS (KOHA) | |
| Koha item type | Books |
| 653 ## - INDEX TERM--UNCONTROLLED | |
| Uncontrolled term | History |
| 653 ## - INDEX TERM--UNCONTROLLED | |
| Uncontrolled term | History Of The Frontier Areas Bordering On Assam From 1883-1941 |
| Withdrawn status | Lost status | Damaged status | Not for loan | Home library | Current library | Shelving location | Date acquired | Total Checkouts | Full call number | Barcode | Date last seen | Copy number | Price effective from | Koha item type |
|---|---|---|---|---|---|---|---|---|---|---|---|---|---|---|
| Central Library, Naharkatiya College | Central Library, Naharkatiya College | General Stacks | 19/09/2020 | 954.16 | REI | 22213 | 19/09/2020 | 1 | 19/09/2020 | Books |
